| 000 | 00526nam a2200181 4500 | ||
|---|---|---|---|
| 001 | 7152 | ||
| 005 | 20230410103639.0 | ||
| 008 | 060907n1994 dr spa | ||
| 020 | _a0333609522 | ||
| 035 | _9funglode7216 | ||
| 041 | _aES | ||
| 050 | 1 | 4 | _a221 G 5122 M682b 1994 |
| 100 | _aMitchell, Pat | ||
| 245 | 1 |
_aBequia sweet, sweet : _ba tribute and guide to the island of Bequia in the st Vincent Grenadines / _cPat Mitchell |
|
| 260 |
_aKewstoke : _bMcmillan, _c1994 |
||
| 300 | _axi, 102 p. | ||
| 942 |
_2lcc _cbk |
||
| 999 |
_c23156 _d23156 |
||